| 000 | 00582nam a2200193Ia 4500 | ||
|---|---|---|---|
| 003 | OSt | ||
| 005 | 20240925121843.0 | ||
| 008 | 190216s9999||||xx |||||||||||||| ||und|| | ||
| 020 | _a9788120321465 | ||
| 040 | _coclc | ||
| 082 |
_a628.5 _bSPI/C |
||
| 100 |
_aSpiro, Thomas G _94233 |
||
| 245 | 0 |
_aChemistry Of The Environment / _cThomas G Spiro ; William M Stigliani |
|
| 250 | _a2nd Ed. | ||
| 260 |
_bPrentice Hall Of India Pvt Ltd, _c2004. _aNew Delhi: |
||
| 300 | _a489p | ||
| 650 | _aChemistry-Chemistry | ||
| 942 |
_cBK _2ddc _h628.5 _iSPI/C _k628.5 _mSPI/C |
||
| 999 |
_c3220 _d3220 |
||